[Event "Titled Tue 20th May Early"]
[Site "chess.com INT"]
[Date "2025.05.20"]
[Round "1"]
[White "Harriott, Tyrell"]
[Black "Kozlov, Oleg"]
[Result "0-1"]
[BlackTitle "IM"]
[WhiteElo "1924"]
[BlackElo "2253"]
[WhiteFideId "2086484"]
[BlackFideId "4104544"]
[EventDate "2025.05.20"]

1. d4 Nf6 2. e3 Nc6 3. f4 d6 4. Bd3 e5 5. Ne2 Be7 6. O-O O-O 7. c3 exd4 8. exd4
Re8 9. Ng3 Bg4 10. Qc2 Bf8 11. f5 d5 12. Bg5 h6 13. Bxf6 Qxf6 14. h3 Re3 15. Nh1
Bxh3 16. gxh3 Qg5+ 17. Kf2 Rae8 18. Nd2 Qh4+ 19. Kg1 Rxh3 20. Kg2 Qg4+ 21. Kf2
Rh2# 0-1

[Event "Titled Tue 20th May Early"]
[Site "chess.com INT"]
[Date "2025.05.20"]
[Round "1"]
[White "Popov, Konstantin"]
[Black "Atis, Hasan"]
[Result "1-0"]
[WhiteTitle "FM"]
[BlackTitle "CM"]
[WhiteElo "2378"]
[BlackElo "2089"]
[WhiteFideId "34137910"]
[BlackFideId "44598017"]
[EventDate "2025.05.20"]

1. e4 c5 2. Nf3 e6 3. d4 cxd4 4. Nxd4 Nc6 5. Nc3 Qc7 6. g3 a6 7. Bg2 Nf6 8. O-O
h5 9. h3 b5 10. Nxc6 dxc6 11. a4 Bb7 12. e5 Nd7 13. axb5 cxb5 14. Nxb5 axb5 15.
Rxa8+ Bxa8 16. Bxa8 Nxe5 17. Bf4 Bd6 18. Re1 Ke7 19. Bg2 Ng6 20. Bg5+ f6 21. Qe2
Qd7 22. Be4 Kf7 23. Bd2 f5 24. Bd3 Be7 25. Bxb5 Qd6 26. Bc4 Nf8 27. Bf4 Qb6 28.
c3 Bf6 29. Rd1 g5 30. Rd6 Qa5 31. Bxe6+ Kg7 32. Bc1 h4 33. g4 fxg4 34. Bxg4 Qa1
35. Rd1 Qa7 36. Be3 Qe7 37. Qc4 Ng6 38. Rd7 Ne5 39. Rxe7+ Bxe7 40. Bd4 Bf6 41.
Qe6 Nxg4 42. hxg4 Bxd4 43. cxd4 h3 44. Qe5+ Kh7 45. Qxh8+ Kxh8 46. Kh2 1-0

[Event "Titled Tue 20th May Early"]
[Site "chess.com INT"]
[Date "2025.05.20"]
[Round "1"]
[White "Eswaran, Ashritha"]
[Black "Dzhaparov, Medet"]
[Result "1-0"]
[WhiteTitle "FM"]
[WhiteElo "2236"]
[BlackElo "1678"]
[WhiteFideId "2080788"]
[BlackFideId "13803689"]
[EventDate "2025.05.20"]

1. e4 e5 2. Nf3 Nc6 3. d4 exd4 4. Bc4 Nf6 5. e5 d5 6. Bb5 Ne4 7. Nxd4 Bd7 8.
Bxc6 bxc6 9. O-O Be7 10. f3 Nc5 11. Be3 O-O 12. f4 Ne6 13. Nc3 c5 14. Nxe6 fxe6
15. Ne2 d4 16. Bd2 Bc6 17. Ng3 Qd5 18. Rf2 Bh4 19. Qg4 Bxg3 20. Qxg3 Rab8 21. b3
c4 22. bxc4 Qxc4 23. Raf1 Be4 24. Qa3 a6 25. g4 Bc6 26. h4 Qd5 27. Qh3 Rb2 28.
f5 exf5 29. Bc1 Rxa2 30. gxf5 Qxe5 31. f6 gxf6 32. Bh6 Rf7 33. Rg2+ Bxg2 34.
Qxg2+ Kh8 35. Qa8+ 1-0

[Event "Titled Tue 20th May Early"]
[Site "chess.com INT"]
[Date "2025.05.20"]
[Round "1"]
[White "Lima, Artur Tin Lun Dai"]
[Black "Firouzja, Alireza"]
[Result "0-1"]
[BlackTitle "GM"]
[WhiteElo "1946"]
[BlackElo "2757"]
[WhiteFideId "22773150"]
[BlackFideId "12573981"]
[EventDate "2025.05.20"]

1. e4 c6 2. Nf3 d5 3. Nc3 a6 4. d4 Bg4 5. Be2 e6 6. O-O Nf6 7. e5 Nfd7 8. h3 Bh5
9. Nb1 c5 10. c3 Nc6 11. Be3 Bxf3 12. Bxf3 cxd4 13. cxd4 Qb6 14. Qd2 Be7 15. Nc3
O-O 16. Be2 f5 17. g3 Rac8 18. Rac1 Ndxe5 19. dxe5 d4 20. Bxd4 Nxd4 21. Bd1 Rfd8
22. Qe3 Qxb2 23. Bb3 Nxb3 24. axb3 Qxb3 25. Qf3 Ba3 0-1

[Event "Titled Tue 20th May Early"]
[Site "chess.com INT"]
[Date "2025.05.20"]
[Round "1"]
[White "Aghaei, Alireza"]
[Black "Shankland, Sam"]
[Result "0-1"]
[WhiteTitle "CM"]
[BlackTitle "GM"]
[WhiteElo "2204"]
[BlackElo "2666"]
[WhiteFideId "12509914"]
[BlackFideId "2004887"]
[EventDate "2025.05.20"]

1. d4 Nf6 2. c4 c5 3. d5 b5 4. cxb5 a6 5. f3 g6 6. e4 d6 7. Na3 Bg7 8. Ne2 O-O
9. Nc3 Ne8 10. Be2 Nc7 11. O-O Nd7 12. Bg5 axb5 13. Naxb5 Nxb5 14. Bxb5 h6 15.
Be3 Qa5 16. a4 Ne5 17. Qd2 Kh7 18. h3 Ba6 19. Qe2 Bxb5 20. Qxb5 Rfb8 21. Qxa5
Rxa5 22. Ra2 Nc4 23. Bc1 Rb3 24. Rd1 Bd4+ 25. Kf1 Kg7 26. Ke2 Nxb2 27. Bxb2 Bxc3
28. Bxc3+ Rxc3 29. Kd2 Rc4 30. Rda1 f5 31. exf5 gxf5 32. Ke3 Kf6 33. f4 Rd4 34.
g4 Rxd5 35. gxf5 Rd4 36. Kf3 Kxf5 37. Re1 Rxf4+ 38. Kg3 e5 39. Rd1 Rd4 40. Rf1+
Ke6 41. Rf8 Raxa4 42. Raf2 Rf4 43. R2xf4 Rxf4 44. Rh8 Rf6 0-1

[Event "Titled Tue 20th May Early"]
[Site "chess.com INT"]
[Date "2025.05.20"]
[Round "1"]
[White "Nguyen, Ngoc Truong Son"]
[Black "Zlatin, Alexander"]
[Result "1-0"]
[WhiteTitle "GM"]
[BlackTitle "FM"]
[WhiteElo "2632"]
[BlackElo "2306"]
[WhiteFideId "12401110"]
[BlackFideId "2810549"]
[EventDate "2025.05.20"]

1. e4 e5 2. Nf3 d6 3. Bc4 g6 4. d4 exd4 5. Qxd4 Qf6 6. Qxf6 Nxf6 7. Ng5 d5 8.
exd5 Bf5 9. O-O Bd6 10. Re1+ Kf8 11. Nc3 Kg7 12. Nb5 h6 13. Nxd6 cxd6 14. Nf3
Bxc2 15. Bf4 Rd8 16. Nd4 Be4 17. Nb5 Na6 18. Rad1 Rac8 19. b3 Bc2 20. Rd2 Bf5
21. Nxd6 Rc5 22. Be5 Nc7 23. g4 Bxg4 24. Ne4 Nxd5 25. Nxc5 Bf3 26. Nxb7 Rc8 27.
Rxd5 Bxd5 28. Bxd5 Rc2 29. Nd6 h5 30. Ne8+ Kh6 31. Nxf6 h4 32. h3 Kg5 33. f4+
Kh6 34. Ng4+ Kh5 35. Bf6 a5 36. Re5+ g5 37. Rxg5# 1-0

[Event "Titled Tue 20th May Early"]
[Site "chess.com INT"]
[Date "2025.05.20"]
[Round "1"]
[White "Lowinger, Daniel"]
[Black "Pranesh, M"]
[Result "0-1"]
[BlackTitle "GM"]
[WhiteElo "2086"]
[BlackElo "2576"]
[WhiteFideId "2005557"]
[BlackFideId "35028600"]
[EventDate "2025.05.20"]

1. e4 Nc6 2. Nf3 e5 3. Bc4 Nf6 4. d3 Bc5 5. Nc3 h6 6. Be3 Bb6 7. O-O d6 8. h3 g5
9. Nh2 Rg8 10. Nd5 Nxd5 11. Bxd5 Ne7 12. Bb3 Ng6 13. Qh5 Qf6 14. Ng4 Bxg4 15.
Qxg4 Nf4 16. Kh2 h5 17. Qf5 Qxf5 18. exf5 g4 19. Rae1 gxh3 20. Bxf4 hxg2 21. Rg1
Bxf2 22. Be3 Bg3+ 23. Kh3 Bxe1 24. Rxe1 h4 25. Bd5 c6 26. Bxg2 Ke7 27. Bf2 f6
28. Bf3 Rg7 29. Rg1 Rxg1 30. Bxg1 a5 31. a4 d5 32. Bb6 Ra6 33. Bc5+ Kd7 34. Kxh4
b6 35. Be3 Ra8 36. Kh5 Rg8 37. Kh6 Rg3 38. Bxb6 Rxf3 39. Bxa5 Rxf5 40. Bc3 Rf2
41. a5 Rxc2 42. Kg6 d4 43. Bb4 Rxb2 44. Bc5 Rb5 45. Bb6 Rxb6 46. axb6 e4 0-1

[Event "Titled Tue 20th May Early"]
[Site "chess.com INT"]
[Date "2025.05.20"]
[Round "1"]
[White "Dovgaliuk, Oleksandr"]
[Black "Wagh, Suyog"]
[Result "1-0"]
[BlackTitle "FM"]
[WhiteElo "2240"]
[BlackElo "2319"]
[WhiteFideId "14167247"]
[BlackFideId "25071688"]
[EventDate "2025.05.20"]

1. d4 Nf6 2. Bg5 c5 3. d5 Ne4 4. h4 Nxg5 5. hxg5 g6 6. e4 Bg7 7. c3 d6 8. Nd2
Nd7 9. f4 a6 10. Ngf3 b5 11. Bd3 c4 12. Bc2 Nc5 13. Qe2 e6 14. f5 e5 15. f6 Bf8
16. b4 cxb3 17. axb3 Bg4 18. b4 Nd7 19. Kf2 h6 20. c4 Rg8 21. cxb5 hxg5 22. bxa6
Nxf6 23. b5 Nd7 24. Nc4 Qc7 25. Bd3 Bh5 26. Rhc1 g4 27. b6 Nxb6 28. Ncxe5 Qd8
29. Bb5+ Nd7 30. Bxd7+ Qxd7 31. Nxd7 gxf3 32. Qb5 1-0

[Event "Titled Tue 20th May Early"]
[Site "chess.com INT"]
[Date "2025.05.20"]
[Round "1"]
[White "Bynum, Jacorey"]
[Black "Vyprachticky, David"]
[Result "1-0"]
[BlackTitle "FM"]
[WhiteElo "2051"]
[BlackElo "2304"]
[WhiteFideId "39927644"]
[BlackFideId "346209"]
[EventDate "2025.05.20"]

1. e4 e5 2. Nf3 Nc6 3. Bb5 a6 4. Ba4 Nf6 5. Bxc6 dxc6 6. d3 Bd6 7. O-O c5 8. Nc3
O-O 9. Ne2 b5 10. a4 Bb7 11. Ng3 c4 12. Nf5 cxd3 13. cxd3 g6 14. Nh6+ Kg7 15.
Bg5 Be7 16. Nxe5 Nxe4 17. Bxe7 Qxe7 18. Nhg4 Nf6 19. d4 Nxg4 20. Qxg4 c5 21.
Rfe1 Qd6 22. dxc5 Qxc5 23. Nd7 Qd5 24. Nxf8 Rxf8 25. axb5 Qxb5 26. Qd4+ Kg8 27.
f3 h5 28. Rac1 Qd5 29. Qb6 Bc8 30. Red1 Qe5 31. Rd8 Be6 32. Rxf8+ Kxf8 33. Qc5+
Qxc5+ 34. Rxc5 Bd7 35. Kf2 Ke7 36. Ke3 Kd6 37. b4 Bb5 38. Kf4 f6 39. h4 Ke6 40.
g4 hxg4 41. fxg4 Be2 42. Rc6+ Kf7 43. g5 fxg5+ 44. Kxg5 Bd3 45. Rd6 1-0

[Event "Titled Tue 20th May Early"]
[Site "chess.com INT"]
[Date "2025.05.20"]
[Round "1"]
[White "Perez Rojas, Jorge"]
[Black "Burmakin, Vladimir"]
[Result "1/2-1/2"]
[WhiteTitle "FM"]
[BlackTitle "GM"]
[WhiteElo "2100"]
[BlackElo "2435"]
[WhiteFideId "3452093"]
[BlackFideId "4105109"]
[EventDate "2025.05.20"]

1. e4 c6 2. d3 d5 3. Nd2 g6 4. Ngf3 Bg7 5. g3 e5 6. Bg2 Ne7 7. O-O O-O 8. Qe2
Re8 9. c3 Nd7 10. Rd1 Nf8 11. h3 Qc7 12. Nf1 h6 13. g4 Nh7 14. Ne3 Be6 15. exd5
cxd5 16. d4 e4 17. Nh2 f5 18. f4 Bf7 19. Qf2 Rf8 20. Rf1 Be6 21. Qg3 g5 22. gxf5
Nxf5 23. Nxf5 Bxf5 24. Ng4 Bxg4 25. Qxg4 Qe7 26. Be3 gxf4 27. Rxf4 Rxf4 28. Qxf4
Rf8 29. Qg3 Kh8 30. Rf1 Rxf1+ 31. Bxf1 Nf8 32. Be2 Ne6 33. Qb8+ Kh7 34. Bg4 Qf7
35. Qd6 Ng5 36. Kg2 Bf6 37. Bf5+ Kg7 38. Bg4 Be7 39. Qe5+ Bf6 40. Qd6 Be7 41.
Qe5+ Bf6 42. Qd6 1/2-1/2

[Event "Titled Tue 20th May Early"]
[Site "chess.com INT"]
[Date "2025.05.20"]
[Round "1"]
[White "Montano Vicente, Guadalupe"]
[Black "Laddha, Shubh Jayesh"]
[Result "0-1"]
[BlackTitle "FM"]
[WhiteElo "1940"]
[BlackElo "2303"]
[WhiteFideId "5181399"]
[BlackFideId "30942799"]
[EventDate "2025.05.20"]

1. d4 d5 2. c4 c6 3. Nf3 Nf6 4. Nc3 e6 5. Bg5 Nbd7 6. e3 Qa5 7. Nd2 Bb4 8. Rc1
Ne4 9. Ndxe4 dxe4 10. Bf4 Qxa2 11. Qc2 Nb6 12. Be2 Na4 13. O-O Bxc3 14. bxc3
Nxc3 15. Qxc3 Qxe2 16. Qb4 a5 17. Qd6 Bd7 18. Rb1 Qxc4 19. Rxb7 Rd8 20. Bg5 f6
21. Bf4 Qd5 22. Qc7 h5 23. Bd6 Rh6 24. Rc1 e5 25. Bc5 exd4 26. Bxd4 Rg6 27. Rc5
Qe6 28. g3 Rc8 29. Rb8 Rxb8 30. Qxb8+ Kf7 31. Qc7 a4 32. Ra5 Rg5 0-1

[Event "Titled Tue 20th May Early"]
[Site "chess.com INT"]
[Date "2025.05.20"]
[Round "1"]
[White "Drygalov, Sergey"]
[Black "Bratovic, Blaz"]
[Result "1-0"]
[WhiteTitle "GM"]
[BlackTitle "IM"]
[WhiteElo "2560"]
[BlackElo "2319"]
[WhiteFideId "24171743"]
[BlackFideId "14603551"]
[EventDate "2025.05.20"]

1. d4 f5 2. c4 Nf6 3. Nf3 e6 4. g3 d5 5. Bg2 Bd6 6. O-O c6 7. b3 Qe7 8. Bb2 b6
9. Ne5 Bb7 10. Nd2 O-O 11. Ndf3 Nbd7 12. Rc1 c5 13. Nxd7 Nxd7 14. cxd5 Bxd5 15.
Qd2 Rac8 16. Rfd1 Nf6 17. e3 Ne4 18. Qe2 Rfd8 19. dxc5 Rxc5 20. Nd4 Rdc8 21.
Rxc5 Rxc5 22. b4 Rc4 23. Nxf5 exf5 24. Rxd5 Rxb4 25. a3 Rb3 26. Qc4 Rxb2 27.
Rxf5+ 1-0

[Event "Titled Tue 20th May Early"]
[Site "chess.com INT"]
[Date "2025.05.20"]
[Round "1"]
[White "Muzzi, Eduardo"]
[Black "Fragkos, Vasileios"]
[Result "0-1"]
[WhiteTitle "CM"]
[BlackTitle "CM"]
[WhiteElo "1949"]
[BlackElo "2176"]
[WhiteFideId "3001253"]
[BlackFideId "25832646"]
[EventDate "2025.05.20"]

1. d4 g6 2. Nf3 Bg7 3. Bg5 c5 4. e3 h6 5. Bh4 Nc6 6. c3 cxd4 7. exd4 Nf6 8. Nbd2
d5 9. Bd3 g5 10. Bg3 Nh5 11. Qe2 Nxg3 12. hxg3 Bg4 13. O-O-O e6 14. Rde1 Qa5 15.
Kb1 O-O-O 16. Nb3 Qc7 17. Nc5 e5 18. dxe5 Nxe5 19. b4 Rhe8 20. Qd2 Nxf3 21. gxf3
Bxf3 22. Rxe8 Rxe8 23. Re1 Rxe1+ 24. Qxe1 Qe5 25. Qxe5 Bxe5 26. Kc2 b6 27. Ba6+
Kc7 28. Nd3 Bg7 29. Bb5 Kd6 30. Be8 f5 31. a4 d4 32. cxd4 Bxd4 33. a5 bxa5 34.
bxa5 h5 35. Bg6 Ke6 36. Kb3 Kf6 37. Be8 Bd5+ 38. Kb4 h4 39. gxh4 gxh4 40. Bd7 h3
41. Nf4 h2 42. Nxd5+ Ke5 43. Bc6 h1=Q 44. f4+ Kd6 0-1

[Event "Titled Tue 20th May Early"]
[Site "chess.com INT"]
[Date "2025.05.20"]
[Round "1"]
[White "Dubnevych, Maksym"]
[Black "Shishkov, Andrei"]
[Result "1-0"]
[WhiteTitle "FM"]
[BlackTitle "IM"]
[WhiteElo "2292"]
[BlackElo "2343"]
[WhiteFideId "14184001"]
[BlackFideId "4500563"]
[EventDate "2025.05.20"]

1. Nc3 d5 2. e4 d4 3. Nce2 e5 4. c3 d3 5. Ng3 c5 6. Qa4+ Nc6 7. Nf3 f6 8. Qc4
Bg4 9. Qxd3 Qxd3 10. Bxd3 Bxf3 11. gxf3 O-O-O 12. Bc4 h5 13. h4 g6 14. a3 a5 15.
d3 Bh6 16. Be3 b6 17. Ke2 Nge7 18. Rab1 Kc7 19. b4 axb4 20. axb4 cxb4 21. cxb4
Nd4+ 22. Bxd4 Rxd4 23. Ra1 Nc6 24. b5 Na5 25. Bd5 Rb4 26. Rhb1 Rxb1 27. Rxb1 Kd6
28. Nf1 Rc8 29. Ne3 Bxe3 30. Kxe3 Rc5 31. Rg1 g5 32. hxg5 fxg5 33. Rxg5 Rxb5 34.
Rxh5 Rb2 35. Rh6+ Kc5 36. Re6 b5 37. Rxe5 b4 38. Re6 b3 39. Ra6 Kb5 40. Ra8 Ka4
41. e5 Rb1 42. Bxb3+ Rxb3 43. f4 Rb6 44. f5 Kb5 45. f6 Rb7 46. e6 Nc6 47. f7 1-0

[Event "Titled Tue 20th May Early"]
[Site "chess.com INT"]
[Date "2025.05.20"]
[Round "1"]
[White "Alonso Orta, Osiel Alberto"]
[Black "Aakash, G"]
[Result "0-1"]
[WhiteTitle "FM"]
[BlackTitle "FM"]
[WhiteElo "2176"]
[BlackElo "2114"]
[WhiteFideId "3531279"]
[BlackFideId "25644394"]
[EventDate "2025.05.20"]

1. e4 e6 2. d4 d5 3. Nd2 c5 4. Ngf3 cxd4 5. exd5 Qxd5 6. Bc4 Qd7 7. O-O a6 8.
Nb3 Nc6 9. Nbxd4 Nxd4 10. Nxd4 Qc7 11. Bb3 Bd6 12. h3 Ne7 13. Re1 O-O 14. Be3
Rd8 15. Qf3 Ng6 16. Rad1 Bd7 17. c3 Rac8 18. g3 b5 19. h4 Ne5 20. Qh5 Nc4 21.
Bc2 g6 22. Qh6 Nxb2 23. Rb1 Nc4 24. Bg5 Re8 25. Bf6 Bf8 26. Qg5 Na3 27. Bb3 Qc5 0-1

[Event "Titled Tue 20th May Early"]
[Site "chess.com INT"]
[Date "2025.05.20"]
[Round "1"]
[White "Jedryczka, Krystian"]
[Black "Bouska, Jiri"]
[Result "1-0"]
[BlackTitle "FM"]
[WhiteElo "2084"]
[BlackElo "2318"]
[WhiteFideId "1109472"]
[BlackFideId "23722223"]
[EventDate "2025.05.20"]

1. e4 c5 2. Nf3 Nc6 3. Nc3 Nf6 4. Bb5 g6 5. O-O Bg7 6. Re1 O-O 7. a4 a6 8. Bf1
d6 9. h3 Bd7 10. d3 Rc8 11. Be3 Nb4 12. Qd2 Re8 13. Nd1 Be6 14. c3 Nc6 15. Bh6
d5 16. e5 Nd7 17. Bxg7 Kxg7 18. d4 cxd4 19. cxd4 Qa5 20. Qg5 Nxd4 21. Ne3 Nxf3+
22. gxf3 f6 23. Qg3 Nxe5 24. f4 Nc6 25. f5 Bf7 26. Bd3 Ne5 27. fxg6 Nxd3 28.
gxf7+ Kxf7 29. Nf5 Rg8 30. Rxe7+ Kf8 31. Rg7 Ke8 32. Rxg8+ Kd7 33. Qg7+ Ke6 34.
Nd4+ Ke5 35. Nf3+ Kf4 36. Qg4# 1-0

[Event "Titled Tue 20th May Early"]
[Site "chess.com INT"]
[Date "2025.05.20"]
[Round "1"]
[White "Piddubna, Bozhena"]
[Black "Ilinca, Felix-Antonio"]
[Result "0-1"]
[WhiteTitle "WFM"]
[BlackTitle "IM"]
[WhiteElo "2174"]
[BlackElo "2420"]
[WhiteFideId "34109293"]
[BlackFideId "54764998"]
[EventDate "2025.05.20"]

1. d4 d5 2. c4 c6 3. Nf3 Nf6 4. g3 Bg4 5. Ne5 Bf5 6. Nc3 e6 7. Bg2 Nbd7 8. O-O
Bd6 9. Nxd7 Qxd7 10. cxd5 exd5 11. Bg5 Ne4 12. Nxe4 Bxe4 13. Bxe4 dxe4 14. Qc2
Qe6 15. Qb3 Qxb3 16. axb3 Kd7 17. Ra4 Rhe8 18. Rfa1 a6 19. Bd2 Ke6 20. Bb4 b5
21. d5+ Kd7 22. dxc6+ Ke6 23. Bxd6 bxa4 24. Bf4 axb3 25. Ra3 f6 26. g4 g5 27.
Bg3 h5 28. h3 hxg4 29. hxg4 Kd5 30. c7 Kc4 31. Ra4+ Kb5 32. Ra3 Kb4 33. Bd6+ Kc4
34. Ra4+ Kd5 35. Bg3 a5 36. Kf1 Kc5 37. Ke1 Kb5 38. Rd4 a4 39. Rd5+ Kc4 40. Rd6
a3 41. bxa3 b2 42. Rb6 Kc3 43. Rc6+ Kb3 44. Rb6+ Ka2 45. Kd2 b1=Q 0-1

[Event "Titled Tue 20th May Early"]
[Site "chess.com INT"]
[Date "2025.05.20"]
[Round "1"]
[White "Kawka, Milena"]
[Black "Atakhan, Abtin"]
[Result "0-1"]
[WhiteTitle "WCM"]
[BlackTitle "IM"]
[WhiteElo "2004"]
[BlackElo "2410"]
[WhiteFideId "21095167"]
[BlackFideId "22502203"]
[EventDate "2025.05.20"]

1. e4 c5 2. Nf3 d6 3. Bb5+ Nd7 4. O-O Nf6 5. Re1 a6 6. Bf1 e6 7. c3 Be7 8. d4
O-O 9. a4 b6 10. Bf4 Bb7 11. Nbd2 Re8 12. Bd3 e5 13. dxe5 Nxe5 14. Bxe5 dxe5 15.
Nc4 Qc7 16. Ncxe5 Bf8 17. Nc4 Nxe4 18. Qc2 Nf6 19. Nfd2 b5 20. axb5 axb5 21. Ne3
Rxa1 22. Rxa1 c4 23. Be2 Bc5 24. Ndf1 Be4 25. Qd1 Rd8 26. Qe1 g6 27. Rd1 Re8 28.
Qd2 Kg7 29. h3 Bc6 30. Ng4 Nxg4 31. Bxg4 Qe5 32. Ng3 Qxg3 33. Re1 Qxg2# 0-1

[Event "Titled Tue 20th May Early"]
[Site "chess.com INT"]
[Date "2025.05.20"]
[Round "1"]
[White "Rakotomaharo, Fy Antenaina"]
[Black "Gunawardhana, Devindya Oshini"]
[Result "0-1"]
[WhiteTitle "IM"]
[BlackTitle "WIM"]
[WhiteElo "2441"]
[BlackElo "2068"]
[WhiteFideId "13100050"]
[BlackFideId "29941482"]
[EventDate "2025.05.20"]

1. Nf3 Nf6 2. c4 e6 3. Nc3 d5 4. e3 g6 5. d4 Bg7 6. Be2 O-O 7. O-O b6 8. cxd5
exd5 9. Bd2 Bb7 10. Rc1 a6 11. b4 Nbd7 12. Qb3 Rb8 13. Rfd1 c5 14. bxc5 bxc5 15.
dxc5 Nxc5 16. Qa3 Nce4 17. Be1 Re8 18. Nd4 Nxc3 19. Bxc3 Ne4 20. Be1 Qg5 21. Bf3
h5 22. Rb1 h4 23. Qa4 Qe5 24. Nc6 Bxc6 25. Qxc6 Rxb1 26. Rxb1 h3 27. g3 Rd8 28.
Qb6 Rd6 29. Qb8+ Kh7 30. Qc8 Ng5 31. Bh1 Re6 32. Qb8 Qf5 33. Qc8 Qxb1 0-1

[Event "Titled Tue 20th May Early"]
[Site "chess.com INT"]
[Date "2025.05.20"]
[Round "1"]
[White "Bressac, Stephane"]
[Black "Berikkyzy Alanna"]
[Result "0-1"]
[WhiteTitle "IM"]
[BlackTitle "WFM"]
[WhiteElo "2279"]
[BlackElo "2104"]
[WhiteFideId "655945"]
[BlackFideId "13780719"]
[EventDate "2025.05.20"]

1. Nf3 c5 2. g3 Nc6 3. Bg2 e5 4. d3 d5 5. O-O Be7 6. Nbd2 g5 7. c4 g4 8. Ne1 Nf6
9. cxd5 Nxd5 10. Nc4 Be6 11. Nc2 Qd7 12. N2e3 Nxe3 13. Nxe3 h5 14. Bd2 h4 15.
Bc3 f6 16. Re1 hxg3 17. hxg3 Nd4 18. Bxd4 cxd4 19. Nc4 Bd5 20. e4 dxe3 21. Nxe3
Bxg2 22. Nxg2 O-O-O 23. d4 Bb4 24. Rc1+ Kb8 25. Re4 Qh7 26. Nh4 Qxe4 27. a3 Be7
28. Qc2 Qxc2 29. Rxc2 exd4 30. Ng6 Rhe8 31. Rd2 Bc5 32. Kg2 d3 33. Nf4 Rd7 34.
Nxd3 Red8 35. Rc2 Bxa3 36. bxa3 Rxd3 37. Rc4 Rxa3 38. Rxg4 a5 39. Rf4 Rf8 40. g4
Rb3 41. g5 f5 42. g6 Rb6 43. g7 Rg6+ 44. Kf3 Rxg7 45. Ra4 b6 46. Ra1 Kb7 47. Kf4
Ka6 48. f3 Rd7 49. Rb1 b5 50. Rd1 Rxd1 51. Kg5 a4 52. f4 a3 53. Kh4 a2 54. Kg5
a1=Q 55. Kg6 Qf6+ 56. Kh7 Rh1# 0-1

[Event "Titled Tue 20th May Early"]
[Site "chess.com INT"]
[Date "2025.05.20"]
[Round "1"]
[White "Grutter, Tim"]
[Black "Petrus, Adrian"]
[Result "1-0"]
[WhiteTitle "IM"]
[WhiteElo "2408"]
[BlackElo "2203"]
[WhiteFideId "1057472"]
[BlackFideId "14573652"]
[EventDate "2025.05.20"]

1. Nf3 Nf6 2. g3 d5 3. Bg2 e6 4. O-O Be7 5. d3 O-O 6. Nc3 d4 7. Nb5 Nc6 8. c3 e5
9. e3 a6 10. Na3 Bg4 11. cxd4 Bxa3 12. bxa3 exd4 13. h3 Be6 14. Rb1 Rb8 15. Nxd4
Nxd4 16. exd4 Qxd4 17. Bb2 Qd7 18. Bxf6 gxf6 19. Qh5 Qxd3 20. Rxb7 Rxb7 21. Bxb7
Qg6 22. Qh4 Qg5 23. Qxg5+ fxg5 24. Rc1 Bxa2 25. Rxc7 a5 26. Rc5 h6 27. Rxa5 Rb8
28. Ra8 Rxa8 29. Bxa8 Bc4 30. a4 Ba6 31. Bc6 Kf8 32. Bb5 Bb7 33. a5 Ke7 34. a6
Bf3 35. Bf1 Kd7 36. Bg2 Bxg2 37. Kxg2 Kc7 38. g4 Kb6 39. Kf3 Kxa6 40. Ke4 Kb6
41. Kf5 Kc6 42. Kf6 Kd6 43. Kxf7 Ke5 44. Kg6 Ke6 45. Kxh6 Kf6 46. Kh5 Ke5 47.
Kxg5 1-0

[Event "Titled Tue 20th May Early"]
[Site "chess.com INT"]
[Date "2025.05.20"]
[Round "1"]
[White "Mammadov, Ziya"]
[Black "Vingris, Mikelis"]
[Result "0-1"]
[WhiteTitle "CM"]
[WhiteElo "1681"]
[BlackElo "2102"]
[WhiteFideId "13418890"]
[BlackFideId "11611731"]
[EventDate "2025.05.20"]

1. e4 c5 2. Nf3 Nc6 3. d4 cxd4 4. Nxd4 Nf6 5. Nc3 e5 6. Nxc6 dxc6 7. Qxd8+ Kxd8
8. Bg5 Be7 9. O-O-O+ Kc7 10. Bc4 Rf8 11. f4 h6 12. Bh4 exf4 13. e5 Ng8 14. Bf2
b5 15. Bxb5 cxb5 16. Nd5+ Kb7 17. Nxf4 Bg5 18. g3 Be6 19. Kb1 Rfd8 20. h4 Bxf4
21. gxf4 Ne7 22. Rdg1 Nf5 23. Rd1 a6 24. b3 Kc6 25. Kb2 a5 26. c3 h5 27. c4 bxc4
28. bxc4 Bxc4 29. Rc1 Rd2+ 30. Ka3 Rxa2# 0-1

[Event "Titled Tue 20th May Early"]
[Site "chess.com INT"]
[Date "2025.05.20"]
[Round "1"]
[White "Schnaider, Ilan"]
[Black "Krzywda, Andrzej"]
[Result "1-0"]
[WhiteTitle "IM"]
[BlackTitle "CM"]
[WhiteElo "2388"]
[BlackElo "2175"]
[WhiteFideId "169013"]
[BlackFideId "1114565"]
[EventDate "2025.05.20"]

1. e4 e5 2. Nf3 Nf6 3. Nc3 Bb4 4. Nd5 Nxd5 5. exd5 e4 6. Nd4 O-O 7. Bc4 Bc5 8.
Nb3 Bxf2+ 9. Kxf2 Qh4+ 10. Kg1 d6 11. Qe2 Bg4 12. Qe3 f5 13. Qf2 Qh5 14. d3 Nd7
15. Bf4 g5 16. h3 Bd1 17. Bxg5 Ne5 18. Bf4 Ng6 19. Kh2 Bxc2 20. Nd4 Bxd3 21.
Bxd3 exd3 22. Ne6 Rf6 23. Rac1 Re8 24. Rxc7 Rfxe6 25. dxe6 Rxe6 26. Rxb7 Re2 27.
Qg3 Kf8 28. Bxd6+ Ke8 29. Rc1 1-0

[Event "Titled Tue 20th May Early"]
[Site "chess.com INT"]
[Date "2025.05.20"]
[Round "1"]
[White "Rothuis, Vincent"]
[Black "Saiz Rodriguez, Daniel Evelio"]
[Result "1-0"]
[WhiteTitle "IM"]
[BlackTitle "FM"]
[WhiteElo "2346"]
[BlackElo "2187"]
[WhiteFideId "1011936"]
[BlackFideId "3523420"]
[EventDate "2025.05.20"]

1. e4 c5 2. Nf3 e6 3. d4 cxd4 4. Nxd4 Nf6 5. Nc3 Nc6 6. Nxc6 bxc6 7. e5 Nd5 8.
Ne4 Qc7 9. f4 Qb6 10. c4 Bb4+ 11. Ke2 f5 12. Nf2 Ba6 13. Kf3 Ne7 14. Be3 Bc5 15.
Bxc5 Qxc5 16. Qd6 Qb6 17. b4 c5 18. b5 Bb7+ 19. Kg3 g5 20. Nd3 gxf4+ 21. Kxf4
Rg8 22. Nxc5 Rg4+ 23. Ke3 Rc8 24. Qxb6 axb6 25. Nxb7 1-0